Harry Potter: la Bibliothèque de Poudlard - Statistiques

Statistiques générales
  • Ce quiz a été pris 96 fois
  • Le résultat moyen est 5 sur 12
Statistiques - réponses
Information Réponses % Correct
Première apparition Harry Potter à l'école des sorciers
98%
Dernière apparition Harry Potter et les Reliques de la Mort
96%
Bibliothécaire Irma Pince
84%
Heure de fermeture 20 heures
70%
Section connue La réserve
49%
Section connue Section des potions
37%
Emplacement dans Poudlard 4e étage
35%
Section connue Section des dragons
17%
Section connue Section consacrée aux anti-sorts
11%
Section connue Section des magazines
11%
Section connue Section invisible
11%
Section connue Section juridique
11%
Aucun quiz correspondant
Distribution des résultats
% des personnes avec chaque résultat
Percentile par nombre de réponses
Votre historique - résultats
Vous n’avez pas pris ce quiz